[Event "Liberec Region-chT 2223"]
[Site "Czech Republic"]
[Date "2023.01.29"]
[Round "7.1"]
[White "Vaclavicek, Lukas"]
[Black "Sykora, Marek1"]
[Result "1/2-1/2"]
[WhiteElo "2106"]
[BlackElo "2246"]
[PlyCount "118"]
[EventDate "2022.10.09"]
[EventType "team-tourn"]
[EventRounds "11"]
[EventCountry "CZE"]
[SourceTitle "EXT 2024"]
[Source "ChessBase"]
[SourceDate "2023.10.10"]
[SourceVersion "1"]
[SourceVersionDate "2023.10.10"]
[SourceQuality "1"]

1. e4 e5 2. Nc3 Nf6 3. f4 d5 4. fxe5 Nxe4 5. Qf3 Nxc3 6. dxc3 Be6 7. Qg3 Nd7 8. Bf4 c6 9. Nf3 Qb6 10. 0-0-0 0-0-0 11. Nd4 Nc5 12. Nxe6 Nxe6 13. Be2 h5 14. Rhf1 Bc5 15. Bd2 Qc7 16. h4 Kb8 17. Rf5 g6 18. Rf6 Bf8 19. Rdf1 Rd7 20. Qf3 Bg7 21. Rxf7 Bxe5 22. Bd3 Rxf7 23. Qxf7 Qxf7 24. Rxf7 Rf8 25. Bxg6 Rxf7 26. Bxf7 Nf4 27. Bxf4 Bxf4+ 28. Kd1 Bg3 29. Ke2 Kc7 30. Kf3 Bxh4 31. Kf4 Kd6 32. Bxh5 Bf6 33. Kf5 Be5 34. g4 b6 35. Kg6 Ke7 36. Kf5 Kd6 37. Be8 c5 38. Bb5 d4 39. cxd4 Bxd4 40. c3 Bh8 41. Kg6 Ke7 42. Kf5 Bg7 43. Ke4 Kd6 44. Kd3 Bh6 45. Ke4 Bc1 46. b3 Bd2 47. Kd3 Bg5 48. Kc4 Bf6 49. Be8 Be5 50. g5 Bg7 51. a4 Be5 52. b4 cxb4 53. cxb4 Bg7 54. Bh5 Be5 55. g6 Bg7 56. Bf3 Bf6 57. Kb5 Kc7 58. Bd5 Bg7 59. Ka6 Kb8 1/2-1/2

[Event "Pardubice Czech op-E 30th"]
[Site "Pardubice"]
[Date "2019.07.12"]
[Round "2.5"]
[White "Vaclavicek, Lukas"]
[Black "Blandon, Luis Guillermo"]
[Result "0-1"]
[WhiteElo "2054"]
[BlackElo "2239"]
[PlyCount "104"]
[EventDate "2019.07.11"]
[EventType "team-swiss"]
[EventRounds "7"]
[EventCountry "CZE"]
[SourceTitle "EXT 2020"]
[Source "ChessBase"]
[SourceDate "2019.10.17"]
[SourceVersion "1"]
[SourceVersionDate "2019.10.17"]
[SourceQuality "1"]
[WhiteTeam "Grossschoenau"]
[BlackTeam "Antioquia"]
[WhiteTeamCountry "GER"]
[BlackTeamCountry "COL"]

1. e4 g6 2. d4 Bg7 3. Nc3 d6 4. Be3 a6 5. Nf3 b5 6. Bd3 Bb7 7. h3 Nd7 8. Ne2 c5 9. c3 Ngf6 10. Ng3 0-0 11. 0-0 e5 12. a4 c4 13. Bc2 Qc7 14. Qd2 d5 15. axb5 axb5 16. dxe5 Nxe4 17. Nxe4 dxe4 18. Ng5 Nxe5 19. Bxe4 h6 20. Bxb7 Qxb7 21. f4 Nd3 22. Nf3 Qe4 23. f5 g5 24. f6 Bxf6 25. Rxa8 Rxa8 26. Nxg5 Bxg5 27. Bxg5 hxg5 28. Qxg5+ Qg6 29. Qxb5 Qe6 30. b3 Qe3+ 31. Kh1 Nf2+ 32. Kh2 Qf4+ 33. Kg1 Ra2 34. Qxc4 Nxh3+ 35. Kh1 Nf2+ 36. Kg1 Qxc4 37. bxc4 Ne4 38. Rf4 Nxc3 39. Kh2 Rc2 40. Rg4+ Kf8 41. Kg3 Na4 42. c5 Nxc5 43. Kh3 Nd3 44. Kg3 Ke7 45. Re4+ Kf6 46. Re8 Kf5 47. Kf3 Ne5+ 48. Kg3 Rc3+ 49. Kf2 Ng4+ 50. Ke2 Rg3 51. Kf1 Ne3+ 52. Kf2 Kf4 0-1

[Event "Liberec op 17th"]
[Site "Liberec"]
[Date "2017.03.02"]
[Round "7"]
[White "Halak, Miklos"]
[Black "Vaclavicek, Lukas"]
[Result "1-0"]
[WhiteElo "2186"]
[BlackElo "2067"]
[PlyCount "101"]
[EventDate "2017.02.25"]
[EventType "swiss"]
[EventRounds "9"]
[EventCountry "CZE"]
[SourceTitle "CBM 177 Extra"]
[Source "ChessBase"]
[SourceDate "2017.04.27"]
[SourceVersion "1"]
[SourceVersionDate "2017.04.27"]
[SourceQuality "1"]

1. e4 c5 2. Nf3 d6 3. d4 cxd4 4. Qxd4 Nc6 5. Bb5 Bd7 6. Qd3 Nf6 7. c4 g6 8. Nc3 Bg7 9. 0-0 0-0 10. h3 Rc8 11. Be3 a6 12. Bxc6 Bxc6 13. Nd4 Re8 14. Rac1 e6 15. Rfd1 Qe7 16. b3 Red8 17. Nxc6 Rxc6 18. Bg5 h6 19. Bf4 Nh5 20. Bh2 Qg5 21. Ne2 Be5 22. Bxe5 Qxe5 23. Qe3 g5 24. c5 Nf6 25. f3 d5 26. Nd4 Rcc8 27. c6 b5 28. c7 Rd7 29. Nc6 Qf4 30. Qxf4 gxf4 31. e5 Nh5 32. Nb4 Rdxc7 33. Rxc7 Rxc7 34. Nxa6 Ra7 35. Nb4 Ng3 36. Kf2 Rc7 37. Rd4 Nh5 38. Ke1 f6 39. exf6 Kf7 40. Kd2 Kxf6 41. Rxd5 Ng3 42. Rxb5 Nf5 43. Rb6 Rg7 44. a4 Rxg2+ 45. Kd3 Rf2 46. Ke4 Rd2 47. Nd3 Re2+ 48. Kxf4 Rd2 49. Nc5 Rd4+ 50. Ne4+ Kf7 51. Rb7+ 1-0

[Event "Liberec op 17th"]
[Site "Liberec"]
[Date "2017.02.28"]
[Round "5"]
[White "Goluch, Piotr"]
[Black "Vaclavicek, Lukas"]
[Result "1/2-1/2"]
[WhiteElo "2291"]
[BlackElo "2067"]
[PlyCount "119"]
[EventDate "2017.02.25"]
[EventType "swiss"]
[EventRounds "9"]
[EventCountry "CZE"]
[SourceTitle "CBM 177 Extra"]
[Source "ChessBase"]
[SourceDate "2017.04.27"]
[SourceVersion "1"]
[SourceVersionDate "2017.04.27"]
[SourceQuality "1"]

1. e4 c5 2. c3 d5 3. exd5 Qxd5 4. d4 g6 5. Na3 Bh6 6. Nf3 Bxc1 7. Rxc1 Nh6 8. Be2 0-0 9. 0-0 a6 10. Ne5 cxd4 11. cxd4 Nf5 12. Bf3 Qxd4 13. Rxc8 Rxc8 14. Qxd4 Nxd4 15. Bxb7 Nbc6 16. Nxc6 Nxc6 17. Rc1 Na7 18. Bxc8 Rxc8 19. Rxc8+ Nxc8 20. Nc4 f6 21. Kf1 Kf7 22. Ke2 Ke6 23. Kd3 Kd5 24. b4 e5 25. a4 Ne7 26. Ne3+ Kd6 27. Kc4 Nc6 28. Nd5 f5 29. Nf6 e4 30. Nxh7 Ne5+ 31. Kd4 Nd3 32. h4 Nxb4 33. Nf8 Nc6+ 34. Ke3 Ne5 35. Kf4 Nd3+ 36. Kg5 f4 37. Kg4 e3 38. fxe3 fxe3 39. Kf3 Nc5 40. a5 Nb3 41. Nxg6 Ke6 42. Nf4+ Kf7 43. Nd3 Nxa5 44. Nb4 Nc4 45. Nxa6 Kg6 46. Nc5 Kh5 47. g3 Ne5+ 48. Kxe3 Ng6 49. Ne4 Nxh4 50. Kf4 Ng6+ 51. Kf5 Nh4+ 52. Kf4 Ng6+ 53. Kf3 Ne5+ 54. Ke3 Kg4 55. Kf2 Nd3+ 56. Kg2 Ne1+ 57. Kf1 Nd3 58. Ke2 Nf4+ 59. Ke3 Nh5 60. Nf6+ 1/2-1/2

[Event "Liberec op 17th"]
[Site "Liberec"]
[Date "2017.02.27"]
[Round "4"]
[White "Vaclavicek, Lukas"]
[Black "Kunc, Jan"]
[Result "1-0"]
[WhiteElo "2067"]
[BlackElo "1847"]
[PlyCount "113"]
[EventDate "2017.02.25"]
[EventType "swiss"]
[EventRounds "9"]
[EventCountry "CZE"]
[SourceTitle "CBM 177 Extra"]
[Source "ChessBase"]
[SourceDate "2017.04.27"]
[SourceVersion "1"]
[SourceVersionDate "2017.04.27"]
[SourceQuality "1"]

1. d4 Nf6 2. Nf3 g6 3. b3 Bg7 4. Bb2 0-0 5. e3 d6 6. Bd3 c5 7. Nbd2 Nc6 8. a3 cxd4 9. exd4 d5 10. 0-0 a6 11. Re1 b5 12. h3 e6 13. Qe2 Qb6 14. Qe3 a5 15. Ne5 Ba6 16. Nxc6 Qxc6 17. b4 axb4 18. axb4 Ne8 19. Nb3 Nd6 20. Qf4 Nc4 21. Bc3 Rfc8 22. Nc5 Bb7 23. h4 Nd6 24. f3 Ba6 25. h5 Nb7 26. hxg6 hxg6 27. Bxg6 Rf8 28. Qh2 Rfe8 29. Bh7+ Kf8 30. Qf4 Nxc5 31. bxc5 Ke7 32. Bd3 Bf6 33. Ra5 Rh8 34. Rea1 Rh4 35. Qd6+ Qxd6 36. cxd6+ Kxd6 37. Rxa6+ Rxa6 38. Rxa6+ Ke7 39. Ra7+ Kf8 40. Bxb5 Bxd4+ 41. Bxd4 Rxd4 42. Rc7 e5 43. Kf2 e4 44. Ke3 exf3 45. gxf3 Rb4 46. Bc6 Rc4 47. Rc8+ Ke7 48. Bb7 d4+ 49. Kd3 Ra4 50. Rc4 Ra3+ 51. Kxd4 Kd6 52. Be4 Ra5 53. Rc6+ Kd7 54. Rc5 Ra3 55. c4 Kd6 56. Rc6+ Kd7 57. Rf6 1-0

[Event "Liberec op 17th"]
[Site "Liberec"]
[Date "2017.02.26"]
[Round "2"]
[White "Vaclavicek, Lukas"]
[Black "Nagy, Gabor"]
[Result "0-1"]
[WhiteElo "2067"]
[BlackElo "2449"]
[PlyCount "52"]
[EventDate "2017.02.25"]
[EventType "swiss"]
[EventRounds "9"]
[EventCountry "CZE"]
[SourceTitle "CBM 177 Extra"]
[Source "ChessBase"]
[SourceDate "2017.04.27"]
[SourceVersion "1"]
[SourceVersionDate "2017.04.27"]
[SourceQuality "1"]

1. e4 c5 2. Nf3 d6 3. d4 cxd4 4. Nxd4 Nf6 5. Nc3 Nc6 6. h3 g6 7. Be3 Bg7 8. g4 0-0 9. Bg2 Bd7 10. 0-0 Rc8 11. Nxc6 Bxc6 12. Qd2 Qc7 13. Bh6 Bxh6 14. Qxh6 b5 15. a3 a5 16. Qe3 Rfe8 17. f4 b4 18. axb4 axb4 19. Ne2 Nd7 20. c3 Qb8 21. Nd4 e5 22. fxe5 Nxe5 23. Qg5 Qb6 24. Rf6 bxc3 25. bxc3 Qc5 26. Raf1 Nf3+ 0-1

[Event "Liberec op 15th"]
[Site "Liberec"]
[Date "2015.02.16"]
[Round "3"]
[White "Grela, Kacper"]
[Black "Vaclavicek, Lukas"]
[Result "1-0"]
[WhiteElo "2165"]
[BlackElo "2010"]
[PlyCount "61"]
[EventDate "2015.02.14"]
[EventType "swiss"]
[EventRounds "9"]
[EventCountry "CZE"]
[SourceTitle "CBM 164 Extra"]
[Source "ChessBase"]
[SourceDate "2015.03.02"]
[SourceVersion "1"]
[SourceVersionDate "2015.03.02"]
[SourceQuality "1"]

1. e4 c5 2. Nf3 d6 3. d4 cxd4 4. Nxd4 Nf6 5. Nc3 a6 6. Bg5 e6 7. f4 h6 8. Bh4 Be7 9. Qf3 Nbd7 10. 0-0-0 Qc7 11. Bg3 b5 12. e5 Bb7 13. Qe2 dxe5 14. fxe5 Nd5 15. Nxd5 Bxd5 16. Nf5 Bg5+ 17. Kb1 Bxa2+ 18. Kxa2 exf5 19. e6 Qa5+ 20. Kb1 Nb6 21. exf7+ Kxf7 22. Qe5 Rhd8 23. Qxf5+ Bf6 24. Bd3 Rd5 25. Qg6+ Kf8 26. Rhf1 Nd7 27. Be4 Rxd1+ 28. Rxd1 Rd8 29. Bd6+ Kg8 30. Qh7+ Kf7 31. Bd5+ 1-0

[Event "CZE-chT2B 1213"]
[Site "Czech Republic"]
[Date "2013.03.24"]
[Round "11.7"]
[White "Vaclavicek, Lukas"]
[Black "Lesak, Jiri"]
[Result "1/2-1/2"]
[WhiteElo "1889"]
[BlackElo "1900"]
[PlyCount "136"]
[EventDate "2012.10.14"]
[EventType "team-tourn"]
[EventRounds "11"]
[EventCountry "CZE"]
[SourceTitle "EXT 2015"]
[Source "ChessBase"]
[SourceDate "2014.11.20"]
[SourceVersion "1"]
[SourceVersionDate "2014.11.20"]
[SourceQuality "1"]
[WhiteTeam "Liberec Desko"]
[BlackTeam "Decin"]
[WhiteTeamCountry "CZE"]
[BlackTeamCountry "CZE"]

1. e4 c6 2. d4 d5 3. Nd2 dxe4 4. Nxe4 Bf5 5. Ng3 Bg6 6. h4 h6 7. Nf3 Nd7 8. h5 Bh7 9. Bd3 Bxd3 10. Qxd3 Qc7 11. Qe2 0-0-0 12. Bd2 e6 13. Ne5 Nxe5 14. dxe5 Ne7 15. 0-0-0 g5 16. hxg6 Nxg6 17. f4 Be7 18. Ne4 c5 19. g3 Qc6 20. Bc3 Rd5 21. a3 Rhd8 22. Rxd5 exd5 23. Nf2 d4 24. Bd2 Bf8 25. Re1 c4 26. Qg4+ Kb8 27. f5 c3 28. fxg6 cxd2+ 29. Kxd2 fxg6 30. Nd3 Be7 31. e6 Bg5+ 32. Kd1 Qd5 33. Qe4 Qa5 34. Re2 Qc7 35. Qxg6 Qc6 36. Qe4 Re8 37. Qe5+ Kc8 38. Re4 Re7 39. Nf4 Qc4 40. Nd3 Be3 41. Qh8+ Kc7 42. Qe5+ Kc8 43. Qd6 Qc7 44. Qxc7+ Kxc7 45. c3 Bg5 46. cxd4 Kd6 47. Nf4 b5 48. Ke2 Rc7 49. Kf3 Rc2 50. Ng6 Rxb2 51. e7 Rb3+ 52. Kg4 Bxe7 53. Nxe7 Rxa3 54. Nf5+ Kd5 55. Re5+ Kc4 56. Rc5+ Kb4 57. Kf4 Rd3 58. Ke4 Rd1 59. Ne3 Rg1 60. g4 a5 61. Nd5+ Ka4 62. Nc3+ Kb4 63. Nxb5 Rxg4+ 64. Ke3 a4 65. Nc3 a3 66. Kd3 Rg3+ 67. Kd2 Rg2+ 68. Kd3 Rg3+ 1/2-1/2

[Event "CZE-chTE U20 1213"]
[Site "Czech Republic"]
[Date "2013.01.26"]
[Round "7.5"]
[White "Zuziak, Petr"]
[Black "Vaclavicek, Lukas"]
[Result "0-1"]
[WhiteElo "1653"]
[BlackElo "1889"]
[PlyCount "44"]
[EventDate "2012.10.06"]
[EventType "team-tourn"]
[EventRounds "11"]
[EventCountry "CZE"]
[SourceTitle "EXT 2015"]
[Source "ChessBase"]
[SourceDate "2014.11.20"]
[SourceVersion "1"]
[SourceVersionDate "2014.11.20"]
[SourceQuality "1"]
[WhiteTeam "Brno Duras (U20)"]
[BlackTeam "Polabiny (U20)"]
[WhiteTeamCountry "CZE"]
[BlackTeamCountry "CZE"]

1. Nf3 d5 2. g3 Nf6 3. Bg2 e6 4. 0-0 b6 5. d3 Bb7 6. Nbd2 Nbd7 7. Nh4 Rb8 8. h3 Be7 9. e4 0-0 10. f4 dxe4 11. dxe4 Nc5 12. e5 Nfe4 13. Qe1 Nxg3 14. Qxg3 Bxh4 15. Qg4 Bxg2 16. Kxg2 Qd5+ 17. Nf3 Be7 18. Be3 Rfd8 19. Kh2 Qe4 20. Bxc5 Bxc5 21. Rac1 Be3 22. Ng5 Rd2+ 0-1

[Event "CZE-chTE U20 1213"]
[Site "Czech Republic"]
[Date "2012.10.06"]
[Round "1.5"]
[White "Fuskova, Martina"]
[Black "Vaclavicek, Lukas"]
[Result "0-1"]
[WhiteElo "1716"]
[BlackElo "1889"]
[PlyCount "132"]
[EventDate "2012.10.06"]
[EventType "team-tourn"]
[EventRounds "11"]
[EventCountry "CZE"]
[SourceTitle "EXT 2015"]
[Source "ChessBase"]
[SourceDate "2014.11.20"]
[SourceVersion "1"]
[SourceVersionDate "2014.11.20"]
[SourceQuality "1"]
[WhiteTeam "Frydek Mistek (U20)"]
[BlackTeam "Polabiny (U20)"]
[WhiteTeamCountry "CZE"]
[BlackTeamCountry "CZE"]

1. e4 c5 2. Nf3 d6 3. d4 cxd4 4. Nxd4 Nf6 5. Nc3 a6 6. Be3 Ng4 7. Bg5 h6 8. Bh4 g5 9. Bg3 Bg7 10. h3 Ne5 11. Be2 Nbc6 12. Nb3 Be6 13. Nd5 Rc8 14. c3 Na5 15. Bxe5 Bxe5 16. Nxa5 Qxa5 17. Bg4 Rc4 18. Bf3 b5 19. 0-0 Bxd5 20. Qxd5 e6 21. Qd3 Ke7 22. Bd1 Rhc8 23. Bb3 R4c7 24. Rad1 Qb6 25. g3 a5 26. Kg2 a4 27. Bc2 Bxc3 28. b3 Be5 29. Rd2 Rc3 30. Qe2 axb3 31. Bxb3 Qa5 32. Rfd1 Qb4 33. Qe1 h5 34. Qe2 Rg8 35. Qe1 h4 36. g4 Rgc8 37. Rc2 Qc5 38. Rdc1 b4 39. Qd1 Bf4 40. Rxc3 bxc3 41. Rc2 Qe5 42. Qd3 Bd2 43. Kg1 Rc5 44. a4 Qf4 45. Ra2 Re5 46. Bc2 Ra5 47. Kg2 Qe5 48. Bb3 Qc5 49. Qc2 Qd4 50. Kf3 Qb4 51. Ra1 d5 52. exd5 Qf4+ 53. Kg2 exd5 54. Qd3 Kd6 55. Ra2 Qb4 56. Bc2 Qf4 57. Bb3 Ke5 58. Kg1 Qe4 59. Qxe4+ Kxe4 60. Bc2+ Kd4 61. Kf1 Kc4 62. Ke2 d4 63. Ra1 Re5+ 64. Kf3 d3 65. Bb1 c2 66. Bxc2 dxc2 0-1

[Event "Liberec Metalmex op"]
[Site "Liberec"]
[Date "2012.08.16"]
[Round "7"]
[White "Lasek, Frantisek"]
[Black "Vaclavicek, Lukas"]
[Result "0-1"]
[WhiteElo "1814"]
[BlackElo "1836"]
[PlyCount "118"]
[EventDate "2012.08.11"]
[EventType "swiss"]
[EventRounds "9"]
[EventCountry "CZE"]
[SourceTitle "EXT 2014"]
[Source "ChessBase"]
[SourceDate "2013.11.20"]
[SourceVersion "1"]
[SourceVersionDate "2013.11.20"]
[SourceQuality "1"]

1. e3 d5 2. f4 g6 3. Nf3 Bg7 4. d4 Nf6 5. Bd3 0-0 6. 0-0 b6 7. Bd2 c5 8. c3 Bb7 9. Be1 Nbd7 10. Nbd2 Ne4 11. Bh4 Ndf6 12. Ne5 c4 13. Be2 Nd6 14. h3 Qc7 15. Rc1 b5 16. Bf3 a5 17. a3 Nf5 18. Bf2 Nd6 19. Qe2 Nfe4 20. g3 f6 21. Ng4 Qd7 22. Kg2 Rfc8 23. Be1 Ba6 24. Nf2 f5 25. Kh2 b4 26. Nfxe4 dxe4 27. Bg2 bxa3 28. bxa3 Rab8 29. Nb1 Rb3 30. Qa2 Rcb8 31. Rf2 Qa4 32. Bf1 Kf8 33. Be2 Qc6 34. Bd1 R3b6 35. a4 Ne8 36. Na3 Nc7 37. Rb1 Rxb1 38. Nxb1 Nd5 39. Bd2 Qb6 40. Na3 Qb2 41. Qxb2 Rxb2 42. Kg1 e6 43. Kf1 Ke8 44. Nb5 Bxb5 45. axb5 Rb1 46. Ke2 Kd8 47. Bc2 Rb2 48. Kd1 Bf8 49. b6 Rxb6 50. Ba4 Rb2 51. Re2 Ba3 52. Be1 Rb1+ 53. Kd2 Bc1+ 54. Kc2 Rb2+ 55. Kd1 Nxe3+ 56. Kxc1 Rxe2 57. Bd2 Nf1 58. Kd1 Rxd2+ 59. Ke1 Ra2 0-1

[Event "CZE-chT2C 1112"]
[Site "Czech Republic"]
[Date "2012.04.22"]
[Round "11.7"]
[White "Jezek, Ludek"]
[Black "Vaclavicek, Lukas"]
[Result "1/2-1/2"]
[WhiteElo "1795"]
[BlackElo "1842"]
[PlyCount "63"]
[EventDate "2011.10.09"]
[EventType "team-tourn"]
[EventRounds "11"]
[EventCountry "CZE"]
[SourceTitle "EXT 2013"]
[Source "ChessBase"]
[SourceDate "2012.11.22"]
[SourceVersion "1"]
[SourceVersionDate "2012.11.22"]
[SourceQuality "1"]
[WhiteTeam "Turnov Zikuda III"]
[BlackTeam "Liberec"]
[WhiteTeamCountry "CZE"]
[BlackTeamCountry "CZE"]

1. e4 c5 2. Nf3 d6 3. d4 cxd4 4. Nxd4 Nf6 5. Nc3 a6 6. a4 b6 7. Bg5 e6 8. Be2 Be7 9. Bf3 Ra7 10. Qd3 Bb7 11. 0-0 Nbd7 12. Qe3 Ne5 13. Be2 h6 14. Bh4 g5 15. Bg3 Nfg4 16. Qc1 h5 17. h3 h4 18. Bxe5 Nxe5 19. Nf3 Nxf3+ 20. Bxf3 Bf6 21. Qe3 Be5 22. a5 Ra8 23. Qxb6 Qxb6 24. axb6 Ke7 25. Na4 Bc6 26. c3 Rhb8 27. Rfd1 Bxa4 28. Rxa4 Rxb6 29. Rd2 Rab8 30. Ra2 Bf4 31. Rc2 Be5 32. Kf1 1/2-1/2

[Event "Novy Bor op 3rd"]
[Site "Novy Bor"]
[Date "2012.02.15"]
[Round "5"]
[White "Vaclavicek, Lukas"]
[Black "Piankov, Evgenij"]
[Result "0-1"]
[WhiteElo "1842"]
[BlackElo "2362"]
[PlyCount "104"]
[EventDate "2012.02.11"]
[EventType "swiss"]
[EventRounds "9"]
[EventCountry "CZE"]
[SourceTitle "CBM 147 Extra"]
[Source "ChessBase"]
[SourceDate "2012.04.24"]
[SourceVersion "1"]
[SourceVersionDate "2012.04.24"]
[SourceQuality "1"]

1. e4 c6 2. d4 d5 3. e5 Bf5 4. Nc3 e6 5. g4 Bg6 6. Nge2 Be7 7. Be3 Nd7 8. Nf4 Bg5 9. Qd2 Bxf4 10. Bxf4 h5 11. Be2 hxg4 12. Bxg4 Nh6 13. Bxh6 Rxh6 14. 0-0-0 Qh4 15. h3 0-0-0 16. Rhg1 Qe7 17. Ne2 Rdh8 18. Nf4 Nf8 19. Rg3 Be4 20. Ra3 a6 21. f3 Bf5 22. Nd3 Bxd3 23. Qxd3 f5 24. exf6 gxf6 25. Re1 f5 26. Qxf5 exf5 27. Rxe7 fxg4 28. hxg4 Re6 29. Re3 Rxe3 30. Rxe3 Kd7 31. Kd2 Ne6 32. c3 Rh2+ 33. Re2 Rh3 34. Ke3 Ke7 35. Rf2 Kf6 36. Ke2 Kg5 37. Ke3 Nf4 38. a4 Rh1 39. a5 Re1+ 40. Kd2 Rb1 41. Ke3 Re1+ 42. Kd2 Rg1 43. Ke3 Rg2 44. Rxg2 Nxg2+ 45. Kf2 Nf4 46. Kg3 Ng6 47. b3 Nf4 48. Kf2 Kh4 49. Ke3 Kg3 50. c4 Ne6 51. g5 Nxg5 52. f4 Ne4 0-1

[Event "CZE-chTW U20 1112"]
[Site "Czech Republic"]
[Date "2012.01.21"]
[Round "6.4"]
[White "Vaclavicek, Lukas"]
[Black "Misicko, Jan Jr"]
[Result "1-0"]
[WhiteElo "1842"]
[BlackElo "1543"]
[PlyCount "70"]
[EventDate "2011.10.15"]
[EventType "team-tourn"]
[EventRounds "7"]
[EventCountry "CZE"]
[SourceTitle "EXT 2013"]
[Source "ChessBase"]
[SourceDate "2012.11.22"]
[SourceVersion "1"]
[SourceVersionDate "2012.11.22"]
[SourceQuality "1"]
[WhiteTeam "Polabiny"]
[BlackTeam "Kladno"]
[WhiteTeamCountry "CZE"]
[BlackTeamCountry "CZE"]

1. e4 e5 2. Nf3 Nc6 3. Bb5 Bc5 4. 0-0 d6 5. c3 Bg4 6. h3 Bh5 7. d3 a6 8. Ba4 b5 9. Bc2 Nge7 10. Re1 0-0 11. g4 Bg6 12. d4 exd4 13. cxd4 Bb4 14. Nc3 Re8 15. a4 Qd7 16. Bf4 Bxc3 17. bxc3 d5 18. e5 Bxc2 19. Qxc2 Ng6 20. Bg3 Rab8 21. axb5 axb5 22. Nd2 b4 23. f4 Rb6 24. Nb3 Reb8 25. Nc5 Qe7 26. f5 Nf8 27. e6 fxe6 28. Nxe6 Nxe6 29. Rxe6 Qf7 30. cxb4 Qd7 31. Qc5 Re8 32. Rxe8+ Qxe8 33. Qxd5+ Kf8 34. Re1 Qf7 35. Qc5+ Kg8 1-0

[Event "CZE-chT2C 1112"]
[Site "Czech Republic"]
[Date "2012.01.08"]
[Round "5.7"]
[White "Vaclavicek, Lukas"]
[Black "Vanka, Miloslav"]
[Result "1/2-1/2"]
[WhiteElo "1842"]
[BlackElo "2113"]
[PlyCount "75"]
[EventDate "2011.10.09"]
[EventType "team-tourn"]
[EventRounds "11"]
[EventCountry "CZE"]
[SourceTitle "EXT 2013"]
[Source "ChessBase"]
[SourceDate "2012.11.22"]
[SourceVersion "1"]
[SourceVersionDate "2012.11.22"]
[SourceQuality "1"]
[WhiteTeam "Liberec"]
[BlackTeam "Vlasim"]
[WhiteTeamCountry "CZE"]
[BlackTeamCountry "CZE"]

1. e4 c5 2. Nf3 Nc6 3. d4 cxd4 4. Nxd4 e5 5. Nb5 d6 6. N1c3 a6 7. Na3 Be6 8. Nd5 Nf6 9. Nxf6+ Qxf6 10. Bc4 Qg6 11. 0-0 Qxe4 12. Bxe6 fxe6 13. Re1 Qf5 14. Nc4 d5 15. Ne3 Qf7 16. Ng4 Bd6 17. c3 0-0 18. Re3 e4 19. Rh3 Ne5 20. Be3 Nd3 21. Qe2 h5 22. Rxh5 Nf4 23. Bxf4 Qxf4 24. Rh4 Qf7 25. Rf1 Qe7 26. Rh3 Rf7 27. Ne3 Qg5 28. c4 d4 29. Nc2 d3 30. Qxe4 dxc2 31. Qh7+ Kf8 32. Qxc2 Rd8 33. Qe4 Qe5 34. Rh8+ Ke7 35. Qxb7+ Kf6 36. Qf3+ Ke7 37. Qb7+ Kf6 38. Qf3+ 1/2-1/2

[Event "CZE-chTW U20 1112"]
[Site "Czech Republic"]
[Date "2011.10.16"]
[Round "3.4"]
[White "Vaclavicek, Lukas"]
[Black "Kaluzny, Matyas"]
[Result "0-1"]
[WhiteElo "1842"]
[BlackElo "1769"]
[PlyCount "134"]
[EventDate "2011.10.15"]
[EventType "team-tourn"]
[EventRounds "7"]
[EventCountry "CZE"]
[SourceTitle "EXT 2013"]
[Source "ChessBase"]
[SourceDate "2012.11.22"]
[SourceVersion "1"]
[SourceVersionDate "2012.11.22"]
[SourceQuality "1"]
[WhiteTeam "Polabiny"]
[BlackTeam "Udlice"]
[WhiteTeamCountry "CZE"]
[BlackTeamCountry "CZE"]

1. e4 Nf6 2. e5 Nd5 3. d4 d6 4. c4 Nb6 5. f4 dxe5 6. fxe5 Bf5 7. Nc3 e6 8. Nf3 Nc6 9. Be3 Bb4 10. Rc1 0-0 11. Be2 Na5 12. b3 Ba3 13. 0-0 Bxc1 14. Qxc1 Nc6 15. Rd1 Ne7 16. Bg5 h6 17. Bh4 Qe8 18. h3 Bh7 19. g4 Ng6 20. Bg3 Ne7 21. a4 c6 22. a5 Nd7 23. Qe3 b6 24. Nd2 c5 25. d5 exd5 26. cxd5 Nc8 27. Nb5 Qd8 28. Bf3 a6 29. e6 axb5 30. d6 Rxa5 31. e7 Qe8 32. Bc6 Ra7 33. Re1 Bg6 34. Bxb5 Kh7 35. exf8Q Qxf8 36. Nc4 f5 37. Qe6 f4 38. Bxd7 fxg3 39. Rf1 Ra1 40. Qe2 Rxf1+ 41. Qxf1 Qd8 42. Bxc8 Qxc8 43. Ne5 Qe6 44. Qf4 Qxd6 45. Nxg6 Qd1+ 46. Kg2 Qc2+ 47. Kxg3 Qxg6 48. Qc4 Qd6+ 49. Kg2 Qd2+ 50. Kf3 Qd6 51. Qe4+ Kg8 52. Qc4+ Kf8 53. Kg2 Qf6 54. Qd3 Ke7 55. Qd5 Qb2+ 56. Kg3 Qf6 57. Qb7+ Ke8 58. Qc8+ Kf7 59. Qb7+ Kg8 60. Qa8+ Kh7 61. Qe4+ Qg6 62. Qd5 Qc2 63. Kf3 b5 64. Kg3 c4 65. bxc4 bxc4 66. Qc5 Qd3+ 67. Kf4 c3 0-1

[Event "Liberec Metalmex op"]
[Site "Liberec"]
[Date "2011.08.16"]
[Round "4"]
[White "Vaclavicek, Lukas"]
[Black "Skopec, Lubos"]
[Result "1/2-1/2"]
[WhiteElo "1807"]
[BlackElo "1958"]
[PlyCount "41"]
[EventDate "2011.08.13"]
[EventType "swiss"]
[EventRounds "9"]
[EventCountry "CZE"]
[SourceTitle "CBM 143 Extra"]
[Source "ChessBase"]
[SourceDate "2011.08.29"]
[SourceVersion "1"]
[SourceVersionDate "2011.08.29"]
[SourceQuality "1"]

1. e4 c5 2. Nf3 d6 3. d4 cxd4 4. Nxd4 Nf6 5. Nc3 g6 6. f3 Bg7 7. Be3 0-0 8. Bc4 Nc6 9. Qd2 Bd7 10. 0-0-0 Qa5 11. g4 Rac8 12. Bb3 Ne5 13. Kb1 Nc4 14. Bxc4 Rxc4 15. Nd5 Qxd2 16. Nxf6+ Bxf6 17. Rxd2 a6 18. h4 Rc7 19. Ne2 Bc6 20. Nf4 Be5 21. Nd5 1/2-1/2

[Event "CZE-chT U20 final-A 1011"]
[Site "Czech Republic"]
[Date "2011.04.16"]
[Round "10.4"]
[White "Melzer, Patrik"]
[Black "Vaclavicek, Lukas"]
[Result "0-1"]
[WhiteElo "1844"]
[BlackElo "1657"]
[PlyCount "50"]
[EventDate "2010.10.02"]
[EventType "team-tourn"]
[EventRounds "11"]
[EventCountry "CZE"]
[SourceTitle "EXT 2012"]
[Source "ChessBase"]
[SourceDate "2011.11.24"]
[SourceVersion "1"]
[SourceVersionDate "2011.11.24"]
[SourceQuality "1"]
[WhiteTeam "Havirov (U20)"]
[BlackTeam "Liberec (U20)"]
[WhiteTeamCountry "CZE"]
[BlackTeamCountry "CZE"]

1. d4 d5 2. c4 c6 3. Nc3 e6 4. Nf3 Nf6 5. Bg5 h6 6. Bh4 dxc4 7. a4 Nbd7 8. e4 g5 9. Bg3 Bb4 10. Qc2 Qa5 11. Nd2 b5 12. Be2 Bb7 13. 0-0 Qb6 14. Rfd1 a6 15. e5 Nd5 16. Nde4 Rd8 17. Bh5 Ne7 18. Qe2 Nf5 19. a5 Qa7 20. Nd6+ Bxd6 21. exd6 0-0 22. Be5 c5 23. Ne4 cxd4 24. g4 d3 25. Qf3 Nxe5 0-1